000
00233nam a22000977a 4500
999
_c
11709
_d
11709
008
200110b ||||| |||| 00| 0 eng d
020
_a
9781596351479
100
_a
Fields Jan
_9
7396
245
_a
Wellspring of Magic
260
_a
USA
_c
2007